000 00291nam a22001337a 4500
008 170615b xxu||||| |||| 00| 0 eng d
020 _a0201032465
041 _aeng
080 _a32
100 _a19
101 _aSHP
245 _aPEOPLE, POWER,& POLITICS
_cDONOVAN,J.C
942 _2udc
_cBK
999 _c17620
_d17620